[Event "TUR-chT Clubs"]
[Site "Konya"]
[Date "2019.07.20"]
[Round "7.11"]
[White "Aslan, Dogukan"]
[Black "Turan, Seyithan"]
[Result "1/2-1/2"]
[WhiteElo "1806"]
[BlackElo "1705"]
[PlyCount "61"]
[EventDate "2019.07.16"]
[EventType "team-swiss"]
[EventRounds "9"]
[EventCountry "TUR"]
[SourceTitle "CBM 191 Extra"]
[Source "ChessBase"]
[SourceDate "2019.09.30"]
[SourceVersion "1"]
[SourceVersionDate "2019.09.30"]
[SourceQuality "1"]
[WhiteTeam "Sungurlu Egitim Genclik"]
[BlackTeam "Karaman Onder Durmus"]
[WhiteTeamCountry "TUR"]
[BlackTeamCountry "TUR"]

1. d4 Nf6 2. Nf3 g6 3. c4 Bg7 4. g3 c5 5. Bg2 cxd4 6. Nxd4 0-0 7. 0-0 Nc6 8. Nc3 Nxd4 9. Qxd4 d6 10. Qd3 Rb8 11. e4 b6 12. Rd1 Nd7 13. b3 Bb7 14. Bb2 Nc5 15. Qe2 f5 16. exf5 Bxg2 17. Kxg2 Rxf5 18. Rd5 Rf7 19. Rd2 Qf8 20. Ne4 Nxe4 21. Qxe4 Bxb2 22. Rxb2 Qg7 23. Rab1 Rbf8 24. Re2 Qf6 25. h4 Qc3 26. Rbb2 Qf6 27. Rbd2 Qc3 28. Qd3 Qxd3 29. Rxd3 Rd8 30. Rde3 Kf8 31. Re6 1/2-1/2

[Event "TUR-chT Clubs"]
[Site "Konya"]
[Date "2019.07.18"]
[Round "4.4"]
[White "Aslan, Dogukan"]
[Black "Ozdover, Mustafa Berkay"]
[Result "1/2-1/2"]
[WhiteElo "1806"]
[BlackElo "2130"]
[PlyCount "70"]
[EventDate "2019.07.16"]
[EventType "team-swiss"]
[EventRounds "9"]
[EventCountry "TUR"]
[SourceTitle "CBM 191 Extra"]
[Source "ChessBase"]
[SourceDate "2019.09.30"]
[SourceVersion "1"]
[SourceVersionDate "2019.09.30"]
[SourceQuality "1"]
[WhiteTeam "Sungurlu Egitim Genclik"]
[BlackTeam "Borcelik Bursa Deneyim"]
[WhiteTeamCountry "TUR"]
[BlackTeamCountry "TUR"]

1. d4 Nf6 2. c4 g6 3. Nf3 Bg7 4. g3 d6 5. Bg2 0-0 6. 0-0 c6 7. Nc3 Qa5 8. e4 Qh5 9. Ng5 Qxd1 10. Rxd1 Nbd7 11. f4 c5 12. e5 cxd4 13. exf6 exf6 14. Nge4 dxc3 15. Nxc3 Nb6 16. b3 f5 17. Bb2 Rd8 18. c5 Nd7 19. cxd6 Nc5 20. Rab1 Be6 21. b4 Ne4 22. Nxe4 fxe4 23. Bxg7 Kxg7 24. Bxe4 Bxa2 25. Rb2 Be6 26. Bxb7 Rab8 27. Bf3 Rb6 28. Rbd2 Rxb4 29. Rd4 Rb6 30. Ra1 Rbxd6 31. Rxd6 Rxd6 32. Rxa7 Rd2 33. Ra1 h6 34. Rd1 Rb2 35. Bg2 h5 1/2-1/2

[Event "TUR-chT Clubs"]
[Site "Konya"]
[Date "2019.07.18"]
[Round "5.11"]
[White "Sari, Serdar"]
[Black "Aslan, Dogukan"]
[Result "1-0"]
[WhiteElo "2023"]
[BlackElo "1806"]
[PlyCount "67"]
[EventDate "2019.07.16"]
[EventType "team-swiss"]
[EventRounds "9"]
[EventCountry "TUR"]
[SourceTitle "CBM 191 Extra"]
[Source "ChessBase"]
[SourceDate "2019.09.30"]
[SourceVersion "1"]
[SourceVersionDate "2019.09.30"]
[SourceQuality "1"]
[WhiteTeam "Engin Gulec Genclik"]
[BlackTeam "Sungurlu Egitim Genclik"]
[WhiteTeamCountry "TUR"]
[BlackTeamCountry "TUR"]

1. d4 d5 2. Bf4 Nf6 3. e3 c5 4. c3 Nc6 5. Bd3 e6 6. Nf3 Bd6 7. Bg3 0-0 8. Nbd2 b6 9. Ne5 Bb7 10. f4 Ne7 11. 0-0 Nf5 12. Qf3 Nxg3 13. hxg3 g6 14. g4 Nd7 15. g5 f6 16. gxf6 Nxf6 17. Qh3 Qe8 18. Ndf3 Bc8 19. g4 a5 20. Kf2 Ne4+ 21. Bxe4 dxe4 22. Ng5 Qe7 23. Rh1 Bxe5 24. dxe5 Ra7 25. Nxe4 Rd7 26. Nf6+ Rxf6 27. exf6 Qxf6 28. Rad1 Qf7 29. Qf3 Bb7 30. Rxd7 Qxd7 31. Rd1 Qc7 32. e4 g5 33. fxg5 Qh2+ 34. Ke3 1-0

[Event "TUR Cup"]
[Site "Antalya"]
[Date "2019.02.01"]
[Round "9"]
[White "Karaoglan, Doruk"]
[Black "Aslan, Dogukan"]
[Result "1-0"]
[WhiteElo "2142"]
[BlackElo "1709"]
[PlyCount "63"]
[EventDate "2019.01.27"]
[EventType "swiss"]
[EventRounds "11"]
[EventCountry "TUR"]
[SourceTitle "CBM 188 Extra"]
[Source "ChessBase"]
[SourceDate "2019.02.28"]
[SourceVersion "1"]
[SourceVersionDate "2019.02.28"]
[SourceQuality "1"]

1. e4 c5 2. Nc3 Nc6 3. g3 g6 4. Bg2 Bg7 5. d3 d6 6. f4 e6 7. Nf3 Nge7 8. 0-0 0-0 9. Be3 Nd4 10. e5 Nef5 11. Bf2 Bd7 12. exd6 Bc6 13. d7 Nxf3+ 14. Bxf3 Bxf3 15. Qxf3 Qc7 16. Ne4 b6 17. Rae1 Qxd7 18. Kh1 Nd4 19. Bxd4 cxd4 20. g4 Rac8 21. Re2 Qa4 22. f5 exf5 23. gxf5 Rxc2 24. f6 Bh8 25. Rxc2 Qxc2 26. Nd6 Qc5 27. Qf4 Qd5+ 28. Kg1 Rd8 29. Ne4 Re8 30. Rc1 Qf5 31. Qd6 Rxe4 32. Qd8+ 1-0

[Event "TUR Cup"]
[Site "Antalya"]
[Date "2019.01.29"]
[Round "4"]
[White "Sahin, Handenur"]
[Black "Aslan, Dogukan"]
[Result "1/2-1/2"]
[WhiteElo "1998"]
[BlackElo "1709"]
[PlyCount "104"]
[EventDate "2019.01.27"]
[EventType "swiss"]
[EventRounds "11"]
[EventCountry "TUR"]
[SourceTitle "CBM 188 Extra"]
[Source "ChessBase"]
[SourceDate "2019.02.28"]
[SourceVersion "1"]
[SourceVersionDate "2019.02.28"]
[SourceQuality "1"]

1. e4 c5 2. c3 g6 3. d4 cxd4 4. cxd4 d5 5. exd5 Nf6 6. Nc3 Nxd5 7. Qb3 Nb6 8. d5 Bg7 9. Be3 0-0 10. Rd1 Na6 11. Nf3 Qd6 12. Be2 Bd7 13. 0-0 Nc5 14. Qc2 Rac8 15. Qd2 Nba4 16. Bf4 Qb6 17. Ne5 Qxb2 18. Nxd7 Bxc3 19. Qxb2 Nxb2 20. Nxf8 Nxd1 21. Nxg6 hxg6 22. Rxd1 Ne4 23. Bf3 Nd6 24. g3 b5 25. Bg4 f5 26. Be2 Rb8 27. Rd3 b4 28. Re3 Kf7 29. Re6 Rb6 30. Be3 Rb7 31. Ba6 Rd7 32. Bf4 Ne4 33. Rc6 Bd4 34. Bc8 Rd8 35. Be6+ Kg7 36. Rc4 Bxf2+ 37. Kg2 Bc5 38. Be5+ Kh6 39. Bf4+ Kg7 40. g4 Bd6 41. Be3 Nf6 42. gxf5 gxf5 43. Bxf5 a5 44. Bd4 a4 45. Bc2 Rh8 46. h4 Rh5 47. Bxa4 Rxd5 48. Bb3 Rf5 49. Rc8 Rf4 50. Bf2 Rg4+ 51. Kf3 Rf4+ 52. Kg2 Rg4+ 1/2-1/2

[Event "TUR Cup"]
[Site "Antalya"]
[Date "2019.01.28"]
[Round "2"]
[White "Aslan, Dogukan"]
[Black "Caglar, Ahmet Ata"]
[Result "1/2-1/2"]
[WhiteElo "1709"]
[BlackElo "2093"]
[PlyCount "81"]
[EventDate "2019.01.27"]
[EventType "swiss"]
[EventRounds "11"]
[EventCountry "TUR"]
[SourceTitle "CBM 188 Extra"]
[Source "ChessBase"]
[SourceDate "2019.02.28"]
[SourceVersion "1"]
[SourceVersionDate "2019.02.28"]
[SourceQuality "1"]

1. d4 Nf6 2. c4 g6 3. Nf3 Bg7 4. g3 0-0 5. Bg2 d6 6. 0-0 Nc6 7. Nc3 Bf5 8. d5 Na5 9. b3 Ne4 10. Nxe4 Bxa1 11. Nd4 c5 12. Nxf5 gxf5 13. Ng5 Bg7 14. e4 h6 15. Nh3 e6 16. exf5 exf5 17. Qd3 Re8 18. Qxf5 Qf6 19. Qg4 Re7 20. Nf4 Rae8 21. Be3 a6 22. Qd1 b5 23. Nh5 Qg6 24. Nxg7 Kxg7 25. Qd2 Nb7 26. Bf3 b4 27. Bd1 Nd8 28. Bc2 f5 29. Qd3 Re4 30. Qd2 R4e5 31. Bf4 Re2 32. Qd3 R8e4 33. Be3 Qh5 34. Bd1 R4xe3 35. Qxe3 Rxe3 36. Bxh5 Re7 37. f4 a5 38. Kf2 a4 39. Re1 Rxe1 40. Kxe1 a3 41. Kd2 1/2-1/2

[Event "Enez op"]
[Site "Enez"]
[Date "2018.??.??"]
[Round "3"]
[White "Radeva, Viktoria"]
[Black "Aslan, Dogukan"]
[Result "1-0"]
[WhiteElo "2200"]
[BlackElo "1630"]
[PlyCount "97"]
[EventDate "2018.09.15"]
[EventType "swiss"]
[EventRounds "9"]
[EventCountry "TUR"]
[SourceTitle "EXT 2019"]
[Source "ChessBase"]
[SourceDate "2018.10.10"]
[SourceVersion "1"]
[SourceVersionDate "2018.10.10"]
[SourceQuality "1"]

1. e4 c5 2. Nf3 g6 3. c3 Bg7 4. d4 cxd4 5. cxd4 d5 6. e5 Nh6 7. Bf4 f6 8. Bb5+ Bd7 9. Bxd7+ Qxd7 10. 0-0 0-0 11. Nc3 Nc6 12. Re1 fxe5 13. Bxh6 Bxh6 14. Nxe5 Nxe5 15. Rxe5 e6 16. Qg4 Rae8 17. Ne2 Qf7 18. Rf1 Bg7 19. Re3 Qf5 20. Qxf5 exf5 21. Rc1 f4 22. Rxe8 Rxe8 23. Kf1 Re7 24. Rc8+ Kf7 25. Rd8 g5 26. Rxd5 h6 27. Ke1 Ke6 28. Rd8 Bf6 29. Kd2 Kf5 30. Rd6 Rc7 31. Nc3 Bg7 32. Kd3 Bf8 33. Rd5+ Ke6 34. Rd8 Rf7 35. d5+ Ke5 36. Re8+ Kd6 37. Ke4 a6 38. Ne2 Bg7 39. Nd4 Kd7 40. Re6 Rf8 41. b3 Rc8 42. Nf5 Bf8 43. Rb6 Re8+ 44. Kd4 Kc7 45. Re6 Rd8 46. Nxh6 b6 47. Nf7 Bc5+ 48. Ke4 Bxf2 49. Nxd8 1-0